La música popular de México (Record no. 9915)

MARC details
000 -CABECERA
campo de control de longitud fija 00921nam a2200277 a 4500
001 - NÚMERO DE CONTROL
campo de control BRL_1103
005 - FECHA Y HORA DE LA ÚLTIMA TRANSACCIÓN
campo de control 20190320211033.0
008 - DATOS DE LONGITUD FIJA--INFORMACIÓN GENERAL
campo de control de longitud fija 121113s1980----mx-ao#####---#000-0#spa-#
020 ## - NÚMERO INTERNACIONAL ESTÁNDAR DEL LIBRO
Número Internacional Estándar del Libro 9683800076
041 ## - CÓDIGO DE LENGUA
Código de lengua del texto/banda sonora o título independiente spa
044 ## - CÓDIGO DEL PAÍS DE LA ENTIDAD EDITORA/PRODUCTORA
Código MARC del país mx
050 #4 - SIGNATURA TOPOGRÁFICA DE LA BIBLIOTECA DEL CONGRESO
Número de clasificación ML3570
Número de documento/Ítem .R48 1980
100 1# - ENTRADA PRINCIPAL--NOMBRE DE PERSONA
Nombre de persona Reuter, Jas
9 (RLIN) 25796
245 10 - MENCIÓN DE TÍTULO
Título La música popular de México
Resto del título origen e historia de la música que canta y toca el pueblo mexicano
Mención de responsabilidad, etc. Jas Reuter ; Fotografías Ruth D. Lechuga ; dibujos José Narro.
260 ## - PUBLICACIÓN, DISTRIBUCIÓN, ETC.
Lugar de publicación, distribución, etc. México
Nombre del editor, distribuidor, etc. Panorama
Fecha de publicación, distribución, etc. 1980
300 ## - DESCRIPCIÓN FÍSICA
Extensión 195 p.
Otras características físicas il.
Dimensiones 18 cm.
440 #0 - MENCIÓN DE SERIE/PUNTO DE ACCESO ADICIONAL--TÍTULO
Título Colección Panorama
9 (RLIN) 22783
500 ## - NOTA GENERAL
Nota general Au1277
500 ## - NOTA GENERAL
Nota general Estado físico: desprendimiento de hojas
504 ## - NOTA DE BIBLIOGRAFÍA, ETC.
Nota de bibliografía, etc. Bibliografía: p. 193-195
650 14 - PUNTO DE ACCESO ADICIONAL DE MATERIA--TÉRMINO DE MATERIA
Término de materia o nombre geográfico como elemento de entrada Música popular
Subdivisión general Historia y crítica
Subdivisión geográfica México
9 (RLIN) 25797
700 1# - PUNTO DE ACCESO ADICIONAL--NOMBRE DE PERSONA
Nombre de persona Lechuga, Ruth D.
Fechas asociadas al nombre 1920-2004
Término indicativo de función/relación il.
9 (RLIN) 2443
700 1# - PUNTO DE ACCESO ADICIONAL--NOMBRE DE PERSONA
Nombre de persona Narro, José
Término indicativo de función/relación il.
9 (RLIN) 25798
902 ## - CATALOGADOR
Iniciales GRL
942 ## - ELEMENTOS DE PUNTO DE ACCESO ADICIONAL (KOHA)
Fuente del sistema de clasificación o colocación Library of Congress Classification
Tipo de ítem Koha Libros
Holdings
Estado de retiro Estado de pérdida Estado dañado No para préstamo Localización permanente Ubicación/localización actual Fecha de adquisición Número de inventario Total de préstamos Signatura topográfica completa Código de barras Fecha visto por última vez Precio válido a partir de Tipo de ítem Koha
El ejemplar forma parte de la colección y puede ser consultado según las políticas vigentes.       Biblioteca Centro de Estudios Ruth D. Lechuga Biblioteca Centro de Estudios Ruth D. Lechuga 12/11/2013 Au1277   ML3570 .R48 1980 (Au1277) GRL01210 22/03/2019 22/03/2019 Libros